| 000 | 00486nam a2200193 a 4500 | ||
|---|---|---|---|
| 001 | 1767414372747 | ||
| 003 | YourLibrary | ||
| 005 | 20260103103043.0 | ||
| 008 | 260103s1998##################000#0#eng## | ||
| 020 | _a9780700710133 | ||
| 082 | 0 | 4 |
_a297.4092 _bRID |
| 100 | 1 |
_aRidgeon, Lloyd V. J., _eauthor. |
|
| 245 | 1 | 0 | _aʻAzīz Nasafī : |
| 260 |
_bRoutledge, _c1998. |
||
| 300 | _a234 pages | ||
| 650 | 0 | _aReligion. | |
| 942 | _cENGLISH | ||
| 040 |
_aYourLibrary _beng _cYourLibrary |
||
| 999 |
_c607042 _d607042 |
||